[Event "Nittenau-ch 2nd"]
[Site "Nittenau"]
[Date "2002.09.21"]
[Round "2"]
[White "Kirchhuebel, Steffen"]
[Black "Loos, Roland"]
[Result "0-1"]
[WhiteElo "1916"]
[BlackElo "2217"]
[PlyCount "114"]
[EventDate "2002.09.20"]
[EventType "swiss"]
[EventRounds "5"]
[EventCountry "GER"]
[SourceTitle "EXT 2008"]
[Source "ChessBase"]
[SourceDate "2007.11.25"]
[SourceVersion "1"]
[SourceVersionDate "2007.11.25"]
[SourceQuality "1"]

1. e4 e6 2. d4 c5 3. d5 d6 4. c4 Nf6 5. Nc3 exd5 6. exd5 g6 7. Bd3 Bg7 8. Qe2+ Qe7 9. Qxe7+ Kxe7 10. Nge2 Na6 11. a3 Nc7 12. 0-0 Nd7 13. f4 f5 14. Rb1 b5 15. b3 Nb6 16. a4 a6 17. a5 Nd7 18. Bb2 Nf6 19. Rfe1 Kf7 20. Ng3 Bd7 21. h3 Rab8 22. Ba1 h5 23. Nce2 Rhe8 24. Kf2 Bh6 25. Kf3 h4 26. Bxf6 Kxf6 27. Nf1 Kf7 28. Nd2 Bg7 29. Bc2 Bf6 30. Kf2 Re7 31. Nf3 Kg7 32. Bd3 Rbe8 33. Bc2 Rb8 34. Bd3 Kh6 35. Bc2 Ne8 36. Bd3 Nc7 37. Bc2 Ree8 38. Bd3 Rb7 39. Bc2 Reb8 40. Bd3 Ne8 41. Bc2 Ng7 42. Bd3 Nh5 43. Rec1 Kg7 44. Ng5 Nxf4 45. Nxf4 Bxg5 46. Kf3 Kf6 47. Re1 Bxf4 48. Kxf4 Re8 49. Rxe8 Bxe8 50. Re1 Bd7 51. Re3 Rb8 52. Re1 b4 53. Kf3 Re8 54. Rf1 g5 55. Rd1 Re7 56. Rf1 f4 57. Be4 Be8 0-1